000 00694nam a2200193 i 4500
001 59195
003 ES-MaACL
005 20250803050538.0
007 t|
008 031028s1970 sp |||| | spa d
100 1 _aEllul, Jacques.
_947062
245 1 0 _aHistoria de las instituciones de la antigüedad
_b: instituciones griegas, romanas, bizantinas y francas /
_cJacques Ellul ; traducción y notas por F. Tomás y Valiente.
260 _a[Madrid] :
_bAguilar,
_c[1970]
300 _aXX, 613 p. ;
_c24 cm.
650 0 7 _aHistoria antigua
_2embne
_913385
700 0 _aTomás y Valiente, Francisco,
_d1932-1996
_9110535
852 _aES-MaACL
_jC-37868
999 _c59195
_d59195